Nghiên cứu tổng hợp nano bạc từ dung dịch AgNO3 bằng tác nhân khử dịch chiết nước lá bồ ngót và ứng dụng của chúng

Xây dựng quy trình tạo nano bạc bằng dung dịch AgNO3 từ dịch chiết nước lá bồ ngót. Thử tác dụng làm xúc tác quang của hạt nano bạc tạo được để phân huỷ xanh metylen

Tallennettuna:
Bibliografiset tiedot
Päätekijä: Nguyễn Thị Phương Anh
Muut tekijät: Lê Tự Hải PGS.TS. (Hướng dẫn)
Aineistotyyppi: Kirja
Kieli:Vietnamese
Julkaistu: Đà Nẵng Đại học Đà Nẵng 2015
Aiheet:
Tagit: Lisää tagi
Ei tageja, Lisää ensimmäinen tagi!
Thư viện lưu trữ: Mạng thư viện Đại học Đà Nẵng
LEADER 01679nam a2200349 4500
001 000023816
003 20269
005 20160325150305.0
008 160314s2015 viesd
041 |a vie 
082 1 4 |a 660.299  |b NG-A 
100 1 |a Nguyễn Thị Phương Anh 
245 1 |a Nghiên cứu tổng hợp nano bạc từ dung dịch AgNO3 bằng tác nhân khử dịch chiết nước lá bồ ngót và ứng dụng của chúng  |c Nguyễn Thị Phương Anh ; Lê Tự Hải hướng dẫn.  |k Luận văn Thạc sĩ 
260 |a Đà Nẵng  |b Đại học Đà Nẵng  |c 2015 
300 |a 78 tr. ; phụ lục 3 tr.  |c 29 cm.  |e Tóm tắt 
500 |a Luận văn thạc sĩ Khoa học. Chuyên ngành: Hóa hữu cơ. Mã số: 60.44.01.14 
520 3 |a Xây dựng quy trình tạo nano bạc bằng dung dịch AgNO3 từ dịch chiết nước lá bồ ngót. Thử tác dụng làm xúc tác quang của hạt nano bạc tạo được để phân huỷ xanh metylen 
650 0 4 |a Lá bồ ngọt  |v Luận văn tốt nghiệp  |x Nghiên cứu 
653 |a Nano Bạc 
653 |a Lá bồ ngọt 
653 |a Hóa hữu cơ 
700 1 |a Lê Tự Hải  |c PGS.TS.  |e Hướng dẫn 
OWN |a LSP 
AVA |a UDN50  |b LSP  |d 660.299 NG-A  |e available  |t Error 5001 Not defined in file expand_doc_bib_avail.  |f 1  |g 0  |h N  |i 0  |k 1 
999 |a From the UDN01 
AVA |a UDN50  |b LSP  |d 660.299 NG-A  |e available  |t Error 5001 Not defined in file expand_doc_bib_avail.  |f 1  |g 0  |h N  |i 0  |k 1 
TYP |a Monograph 
TYP |a Printed language 
980 |a Mạng thư viện Đại học Đà Nẵng